000 00993nam a2200205Ii 4500
003 JO-AjNU
008 230605s9999||||xx |||||||||||||| ||und||
017 _a2005/11/2729
040 _aJO-AjNU
_bara
_erda
_cJO-AjNU
041 _aara
050 1 4 _aG611 2005
100 3 _aالجمعية العلمية لمكافحة التصحر وتنمية البادية، المركز الجغرافي الملكي؛ تحرير عبد اللطبف عربيات... وآخرون,
_eauthor
_956369
245 0 0 _aاليوم العلمي: الأثار الإقتصا،دية والإجتماعية للتصحر 25/6/2002
264 3 1 _aعمان: المركز الجغرافي الملكي، 2002
300 _a100ص
_bيشتمل على جداول وصور توضيحية
336 _atext
_btxt
_2rdacontent
337 _aunmediated
_bn
_2rdamedia
338 _avolume
_bnc
_2rdacarrier
650 4 _aالتصحر - تلف التربة - المشاكل البيئية - الاردن - مؤتمرات
_956370
999 _aA25197
_c28765
_d28765